JR北海道の現存している駅サドンデス - Statistics

General Stats
  • This quiz has been taken 875 times
    586 since last reset
  • The average score is 10 of 46
Answers on the Grid
Answers color-coded by a green-red scale on the quiz's grid according to % correct below.
愛山
姉別
安足間
幾寅
生野(北海道)
池田園
石谷
磯分内
糸魚沢
稲士別
伊納
歌内
大岸
筬島
渡島沼尻
落石
雄信内
恩根内
音別
桂川(北海道)
金山(北海道)
兜沼
上厚内
上尾幌
上幌延
茅沼
川端
北剣淵
北豊津
北日ノ出
黒岩
国縫
五十石
昆布盛
佐久
桜岡
咲来
札弦
鹿討
志文
清水沢
下沼
尺別
将軍山
滝ノ上
多寄
智北
銚子口
直別
天塩川温泉
東雲(北海道)
十弗
徳満
中愛別
中斜里
中ノ沢
日進
糠南
布部
羽帯
抜海
初田牛
初野
浜小清水
浜田浦
緋牛内
東滝川
東森
東六線
美留和
二股
別当賀
別保
幌糠
本石倉
鱒浦
瑞穂
南下徳富
南斜里
南弟子屈
南美深
南幌延
紋穂内
安牛
安国
山越
山崎(北海道)
止別
勇知
礼文
蕨岱
 
Answer Stats
Answer % Correct
天塩川温泉
44%
安足間
38%
国縫
36%
昆布盛
35%
筬島
33%
落石
32%
音別
31%
糠南
30%
姉別
29%
兜沼
28%
浜小清水
28%
佐久
27%
27%
咲来
26%
茅沼
24%
多寄
24%
渡島沼尻
23%
日進
22%
礼文
22%
川端
21%
札弦
21%
二股
21%
磯分内
20%
鹿討
20%
志文
20%
東森
20%
別当賀
20%
勇知
20%
上尾幌
19%
智北
19%
十弗
19%
瑞穂
19%
黒岩
18%
下沼
18%
大岸
17%
緋牛内
17%
別保
17%
中斜里
16%
美留和
16%
鱒浦
16%
桜岡
15%
山崎(北海道)
15%
止別
15%
安国
14%
山越
13%
中愛別
11%
No matching quizzes found
Score Distribution
Percent of People with Each Score
Percentile by Number Answered
Your Score History
You have not taken this quiz since the last reset